000 00224nam a2200109Ia 4500
100 _a#N/A
942 _cBK
654 _aobject- Oriented
245 _aObject oriented programming in C++
260 _b#N/A
546 _aENGLISH
999 _c19597
_d19597